Skip to content
VuFind
All Fields
Title
Author
Subject
Call Number
ISBN/ISSN
Tag
Find
Advanced
Raja Ismail
Cite this
Print
Export Record
Export to RefWorks
Export to EndNoteWeb
Export to EndNote
Export to MARC
Raja Ismail
Bibliographic Details
Format:
Book
Holdings
Description
Similar Items
Staff View
MARC
LEADER
00000cam a2200000 7i4500
001
0000006895
002
000007427
005
20000330.0
020
|a
T000000576
090
0
0
|a
J 920
|b
PAH
245
1
0
|a
Raja Ismail
999
|a
0002971
|b
BUKU
|c
PINJAMAN
|e
PERPUSTAKAAN KOMUNITI PETALING JAYA
Similar Items
Raja Lumu
Published: (1981)
Our Kings and Queens Victoria
by: Stephen, Margaret
Published: (1998)
Our Kings and Queens Henry VIII
by: Munton, Gill
Published: (1998)
William Shakespeare
by: Morgan, Nina
Published: (1998)
Florence Nightingale
by: Burns, Peggy
Published: (1998)